00703nam a2200241 a 4500001001300000003000900013005001700022008004100039020001000080082001600090100002100106245005000127260003900177300000800216500003500224505001200259650002300271700002100294902000800315942000700323952011600330999001500446nice12345678IN_TiNIC20260116012043.0050524s1971 luca grp 000 0 eng  ac10000a297.82bIML aImamia Mission,  aImam Hussains Revolution Andother Shia Tracts aLucknowbSarfraz Qaumi Pressc1971 a00p aincludes index and biblioraphy2 abiblio. aShiah-Imams-Tracts1 aImamia Mission,  bSRS cBK 001040708StackRoom-aHMIbHMId2007-06-28g100.00l0o297.82 IMLp06117r2007-06-28v100.00w2005-05-24yBK c5446d5446